Lễ tang của người Raglai cực Nam Trung Bộ
Giới thiệu khái quát về người Raglai và tang lễ của người Raglai cực Nam Trung Bộ - Việt Nam nhằm phản ánh nhân sinh quan và thế giới quan của dân tộc Raglai
সংরক্ষণ করুন:
| প্রধান লেখক: | |
|---|---|
| বিন্যাস: | গ্রন্থ |
| ভাষা: | Vietnamese |
| প্রকাশিত: |
H.
Văn hoá dân tộc
2010
|
| বিষয়গুলি: | |
| ট্যাগগুলো: |
ট্যাগ যুক্ত করুন
কোনো ট্যাগ নেই, প্রথমজন হিসাবে ট্যাগ করুন!
|
| Thư viện lưu trữ: | Mạng thư viện Đại học Đà Nẵng |
|---|
| LEADER | 01395aam a22003618a 4500 | ||
|---|---|---|---|
| 001 | 000007012 | ||
| 003 | 3173 | ||
| 005 | 20111013151027.0 | ||
| 008 | 110926s2010 viesd | ||
| 020 | |d 2000b | ||
| 041 | 0 | |a vie | |
| 082 | 1 | 4 | |2 14 |a 398.20959762 |b HA-L |
| 100 | 0 | |a Hải Liên | |
| 245 | 1 | 0 | |a Lễ tang của người Raglai cực Nam Trung Bộ |c Hải Liên |
| 260 | |a H. |b Văn hoá dân tộc |c 2010 | ||
| 300 | |a 142tr. |b ảnh màu |c 21cm | ||
| 500 | |a ĐTTS ghi: Hội Văn nghệ Dân gian Việt Nam | ||
| 504 | |a Phụ lục: tr. 118-140 | ||
| 520 | |a Giới thiệu khái quát về người Raglai và tang lễ của người Raglai cực Nam Trung Bộ - Việt Nam nhằm phản ánh nhân sinh quan và thế giới quan của dân tộc Raglai | ||
| 650 | 7 | |2 Bộ TK TVQG |a Văn hoá dân gian | |
| 650 | 7 | |2 Bộ TK TVQG |a Tang lễ | |
| 651 | 4 | |2 Nam Trung Bộ | |
| 653 | |a Dân tộc Raglai | ||
| OWN | |a LSP | ||
| AVA | |a UDN50 |b LSP |d 398.20959762 HA-L |e available |t Error 5001 Not defined in file expand_doc_bib_avail. |f 1 |g 0 |h N |i 0 |k 1 | ||
| 999 | |a From the UDN01 | ||
| AVA | |a UDN50 |b LSP |d 398.20959762 HA-L |e available |t Error 5001 Not defined in file expand_doc_bib_avail. |f 1 |g 0 |h N |i 0 |k 1 | ||
| TYP | |a Monograph | ||
| TYP | |a Printed language | ||
| 980 | |a Mạng thư viện Đại học Đà Nẵng | ||